| 000 | 00974nam a2200229Ii 4500 | ||
|---|---|---|---|
| 003 | JO-AjNU | ||
| 008 | 230605s9999||||xx |||||||||||||| ||und|| | ||
| 017 | _a2020/9519 | ||
| 020 | _a978-977-841-150-8 | ||
| 040 |
_aJO-AjNU _bara _erda _cJO-AjNU |
||
| 041 | _aara | ||
| 050 | 1 | 4 | _aKZ3410.2021 |
| 100 | 3 |
_aالحسني، زهير, _eauthor _961782 |
|
| 245 | 0 | 0 | _aالتدابير المضادة في القانون الدولي العام: دراسة في وسيلة ضمان الاداء ازاء انتهاك القانون الدولي دون اثارة المسؤولية الدولية |
| 250 | _aط1 | ||
| 264 | 3 | 1 | _aالقاهرة: المركز العربي للنشر والتوزيع، 2021 |
| 300 | _a522ص | ||
| 336 |
_atext _btxt _2rdacontent |
||
| 337 |
_aunmediated _bn _2rdamedia |
||
| 338 |
_avolume _bnc _2rdacarrier |
||
| 650 | 4 |
_aالقانون الدولي العام-المسؤولية الدولية-انتهاك القانون-قانون _961783 |
|
| 999 |
_aA27944 _c31512 _d31512 |
||